Statistics for Cities With The Biggest Subreddits

Click here to take the quiz!

General Stats

  • This quiz has been taken 33 times
    (26 since last reset)
  • The average score is 33 of 50

Answer Stats

#RegionSubreddit% Correct
222kN. Americar/nyc
95%
174kN. Americar/bayarea
90%
178kN. Americar/chicago
90%
231kEuroper/london
90%
188kN. Americar/LosAngeles
90%
46.2kEuroper/paris
90%
49.9kEuroper/berlin
81%
149kN. Americar/boston
81%
155kN. Americar/sanfrancisco
81%
147kOceaniar/sydney
81%
97.6kN. Americar/washingtondc
81%
164kN. Americar/Austin
76%
104kN. Americar/Dallas
76%
147kN. Americar/houston
76%
186kOceaniar/melbourne
76%
197kN. Americar/toronto
76%
48.1kN. Americar/Detroit
71%
47.7kMiddle Eastr/dubai
71%
200kN. Americar/Seattle
71%
121kN. Americar/SeattleWA
71%
178kN. Americar/vancouver
71%
44.8kN. Americar/vegas
71%
59.2kN. Americar/orlando
67%
128kN. Americar/philadelphia
67%
74.6kN. Americar/phoenix
67%
100kN. Americar/sandiego
67%
231kAsiar/singapore
67%
132kN. Americar/Atlanta
62%
128kN. Americar/Denver
62%
441kAsiar/HongKong
62%
89.4kN. Americar/montreal
62%
59.1kN. Americar/nashville
62%
152kN. Americar/Portland
62%
99.8kOceaniar/brisbane
57%
79.6kN. Americar/ottawa
57%
75.8kN. Americar/pittsburgh
57%
50.1kN. Americar/tampa
57%
46.7kN. Americar/baltimore
52%
97.2kN. Americar/Calgary
52%
49.4kN. Americar/Charlotte
52%
55.4kN. Americar/Columbus
52%
62.5kN. Americar/Minneapolis
52%
53.6kN. Americar/NewOrleans
52%
62.0kN. Americar/Edmonton
48%
52.7kN. Americar/kansascity
48%
53.3kN. Americar/SaltLakeCity
48%
54.1kN. Americar/StLouis
48%
49.5kEuroper/Amsterdam
43%
53.4kN. Americar/raleigh
43%
50.0kN. Americar/rva
19%

Score Distribution

Percentile by Number Answered

Percent of People with Each Score

Your Score History

You have not taken this quiz since the last reset